Рынок ценных бумаг: прошлое, настоящее, будущее: монография
| Hlavní autor: | |
|---|---|
| Shrnutí: | Новая книга Т.Б. Бердниковой, подготовленная при поддержке Российского гуманитарного научного фонда, рассказывает о формировании и развитии российского рынка ценных бумаг в контексте политической, экономической и социальной истории России. История развития фондового рынка России рассматривается системно, комплексно, хронологически последовательно от эпохи Петра I до настоящего времени. Большое внимание в книге уделено характеристике состояния и тенденций развития исследований рынка ценных бумаг зарубежными и отечественными специалистами. Автор впервые показывает эволюцию исследований историками, юристами, экономистами, математиками различных сторон фондового рынка. Книга включает подробные примечания и библиографию. Книга рассчитана как на специалистов, профессионально изучающих рынок ценных бумаг, так и на широкий круг читателей. |
| Jazyk: | ruština |
| Vydáno: |
Москва, Инфра-М, 2015
|
| Edice: | Научная мысль Финансы |
| Témata: |
Маркс
> Карл
> К.
> немецкий мыслитель
> общественный деятель
> основоположник марксизма
> 1818-1883
Энгельс
> Фридрих
> Ф.
> немецкий мыслитель и общественный деятель
> один из основоположников марксизма
> 1820-1895
|
| Médium: | MixedMaterials Kniha |
| KOHA link: | https://koha.lib.tpu.ru/cgi-bin/koha/opac-detail.pl?biblionumber=304917 |
MARC
| LEADER | 00000nam0a2200000 4500 | ||
|---|---|---|---|
| 001 | 304917 | ||
| 005 | 20231102001741.0 | ||
| 010 | |a 9785160041506 | ||
| 035 | |a (RuTPU)RU\TPU\book\330176 | ||
| 090 | |a 304917 | ||
| 100 | |a 20150921d2015 k y0rusy50 ca | ||
| 101 | 0 | |a rus | |
| 102 | |a RU | ||
| 105 | |a a z 001zd | ||
| 200 | 1 | |a Рынок ценных бумаг: прошлое, настоящее, будущее |e монография |f Т. Б. Бердникова | |
| 210 | |a Москва |c Инфра-М |d 2015 | ||
| 215 | |a 396 с. |c ил. |e Прилож.: CD-ROM. | ||
| 225 | 1 | |a Научная мысль | |
| 225 | 1 | |a Финансы | |
| 320 | |a Библиография в примечаниях. | ||
| 320 | |a Библиогр.: с. 332-338. | ||
| 330 | |a Новая книга Т.Б. Бердниковой, подготовленная при поддержке Российского гуманитарного научного фонда, рассказывает о формировании и развитии российского рынка ценных бумаг в контексте политической, экономической и социальной истории России. История развития фондового рынка России рассматривается системно, комплексно, хронологически последовательно от эпохи Петра I до настоящего времени. Большое внимание в книге уделено характеристике состояния и тенденций развития исследований рынка ценных бумаг зарубежными и отечественными специалистами. Автор впервые показывает эволюцию исследований историками, юристами, экономистами, математиками различных сторон фондового рынка. Книга включает подробные примечания и библиографию. Книга рассчитана как на специалистов, профессионально изучающих рынок ценных бумаг, так и на широкий круг читателей. | ||
| 600 | 1 | |a Маркс |g Карл |b К. |c немецкий мыслитель |c общественный деятель |c основоположник марксизма |f 1818-1883 |2 stltpush |3 (RuTPU)RU\TPU\pers\297 | |
| 600 | 1 | |a Энгельс |g Фридрих |b Ф. |c немецкий мыслитель и общественный деятель |c один из основоположников марксизма |f 1820-1895 |2 stltpush |3 (RuTPU)RU\TPU\pers\530 | |
| 600 | 1 | |a Гильфердинг (Хильфердинг) |b Р. |c теоретик австро-марксизма |c один из лидеров австрийской и германской социал-демократии |f 1877-1941 |g Рудольф |2 stltpush |3 (RuTPU)RU\TPU\pers\20514 |9 8254 | |
| 606 | 1 | |a Рынок ценных бумаг |2 stltpush |3 (RuTPU)RU\TPU\subj\36887 | |
| 610 | 1 | |a финансы | |
| 610 | 1 | |a ценные бумаги | |
| 610 | 1 | |a теория | |
| 610 | 1 | |a история | |
| 610 | 1 | |a прогнозы | |
| 610 | 1 | |a экономическая мысль | |
| 610 | 1 | |a экономическая теория | |
| 610 | 1 | |a лауреаты Нобелевской премии | |
| 610 | 1 | |a экономические исследования | |
| 610 | 1 | |a портфельная теория | |
| 610 | 1 | |a инвестиционные риски | |
| 610 | 1 | |a государственное регулирование | |
| 610 | 1 | |a корпоративные финансы | |
| 610 | 1 | |a математическое моделирование | |
| 610 | 1 | |a долговые обязательства | |
| 610 | 1 | |a акции | |
| 610 | 1 | |a 18 век | |
| 610 | 1 | |a 19 век | |
| 610 | 1 | |a 20 век | |
| 610 | 1 | |a фондовый рынок | |
| 610 | 1 | |a СССР | |
| 610 | 1 | |a Россия | |
| 610 | 1 | |a рейтинговый анализ | |
| 610 | 1 | |a монографии | |
| 610 | 1 | |a CD-ROM | |
| 686 | |a У9(2)262.29 |v LBC/SL-A |2 rubbk | ||
| 700 | 1 | |a Бердникова |b Т. Б. |g Татьяна Борисовна | |
| 801 | 1 | |a RU |b 63413507 |c 20150921 | |
| 801 | 2 | |a RU |b 63413507 |c 20151204 |g RCR | |
| 900 | |a Рынок ценных бумаг | ||
| 942 | |c BK | ||
| 959 | |a 109/20150904 |d 1 |e 749,90 |f ЧЗГЛ:1 | ||